Balkans Countries to Capitals - Statistics

General Stats
  • This quiz has been taken 140 times
  • The average score is 8 of 11
Answer Stats
Hint Answer % Correct
Bulgaria Sofia
90%
Croatia Zagreb
90%
Romania Bucharest
84%
Bosnia and Herzegovina Sarajevo
84%
Albania Tirana
81%
Kosovo Pristina
79%
Serbia Belgrade
76%
Slovenia Ljubljana
75%
North Macedonia Skopje
68%
Montenegro Podgorica
67%
Moldova Chisinau
54%
No matching quizzes found
Score Distribution
Percent of People with Each Score
Percentile by Number Answered
Your Score History
You have not taken this quiz